000 00598nam a22002177a 4500
005 20170124110231.0
010 _a630243
020 _c00.00
035 _a630243
037 _bCen Lib/Ret
040 _aDPL
_bEN
082 _a945.6
_bCAR
100 _aCaranadente, Giovanni
_941368
245 _aWorld cultural guides Rome /
_cby Giovanni Caranadente
260 _aLondon
_bThames and Hudson
_c1971
270 _aLondon
_bLondon
300 _a288p. :
_bill.
_c24cm(Hb)
650 _aArts, Modern
_zRome
_941369
650 _aArts
_9112511
942 _2ddc
_cEN
_h945.6
_mCAR
999 _c134672
_d134672